Studentification in Germany: How Investors Generate Profits from Student Tenants in Goettingen and the Impacts on Urban Segregation

Študentstvo v stredne veľkom nemeckom mestečku a proces vysídľovania. Poukázanie na vytesnenie marginalizovaných sociálnych skupín prostredníctvom cien nájmov a preferencií súkromných prenajímateľov. Skúmanie stratégií prenajímateľov v rámci zvýšenia návratnosti ich investícií prostredníctvom štude...

Descrizione completa

Salvato in:
Dettagli Bibliografici
Autore principale: Miessner, Michael
Natura: Capitolo di libro
Lingua:inglese
Soggetti:
Tags: Aggiungi Tag
Nessun Tag, puoi essere il primo ad aggiungerne!!

MARC

LEADER 00000naa a2200000 4500
001 0273507
005 20210507131216.9
041 0 |a eng 
044 |a GB 
245 1 0 |a Studentification in Germany: How Investors Generate Profits from Student Tenants in Goettingen and the Impacts on Urban Segregation  |c Michael Miessner 
520 |a Študentstvo v stredne veľkom nemeckom mestečku a proces vysídľovania. Poukázanie na vytesnenie marginalizovaných sociálnych skupín prostredníctvom cien nájmov a preferencií súkromných prenajímateľov. Skúmanie stratégií prenajímateľov v rámci zvýšenia návratnosti ich investícií prostredníctvom študentov VŠ. 
610 2 0 |a študenti 
610 2 0 |a nájomcovia 
610 2 0 |a segregácia 
610 2 0 |a mestá 
610 2 0 |a Nemecko 
100 1 |a Miessner, Michael